Renewable energy and environment / (Record no. 10161)
[ view plain ]
| 000 -LEADER | |
|---|---|
| fixed length control field | 00431cam a2200169ua 4500 |
| 003 - CONTROL NUMBER IDENTIFIER | |
| control field | OSt |
| 008 - FIXED-LENGTH DATA ELEMENTS--GENERAL INFORMATION | |
| fixed length control field | 241030b |||||||| |||| 00| 0 eng d |
| 020 ## - INTERNATIONAL STANDARD BOOK NUMBER | |
| ISBN | 81-85167-32-X |
| 041 ## - LANGUAGE CODE | |
| Language code of text/sound track or separate title | eng |
| 082 ## - DEWEY DECIMAL CLASSIFICATION NUMBER | |
| Classification number | 621.47 |
| Item number | MAT/RE |
| 100 ## - MAIN ENTRY--AUTHOR NAME | |
| Personal name | Mathur, A.N . |
| 245 ## - TITLE STATEMENT | |
| Title | Renewable energy and environment / |
| 260 ## - PUBLICATION, DISTRIBUTION, ETC. (IMPRINT) | |
| Place of publication | New Delhi : |
| Name of publisher | Himanshu Publications , |
| Year of publication | 1990. |
| 300 ## - PHYSICAL DESCRIPTION | |
| Number of Pages | 522 ; . |
| 700 1# - ADDED ENTRY--PERSONAL NAME | |
| Personal name | Rathore, N.S . |
| 942 ## - ADDED ENTRY ELEMENTS (KOHA) | |
| Koha item type | Books |
| Withdrawn status | Lost status | Damaged status | Home library | Current library | Shelving location | Date acquired | Full call number | Accession Number | Koha item type |
|---|---|---|---|---|---|---|---|---|---|
| KAUAET | KAUAET | Shelf- 7A | 07/04/2012 | 621.47 MAT/RE | 17691 | Books | |||
| KAUAET | KAUAET | Shelf- 7A | 07/04/2012 | 621.47 MAT/RE | 19664 | Books | |||
| KAUAET | KAUAET | Shelf- 7A | 07/04/2012 | 621.47 MAT/RE | 19784 | Books |
